000 00639cam a22002053a 4500
001 44475
003 PGUSA
005 20140828084021.0
008 131220s2013||||xxu|||||s|||||000 | eng d
040 _aPGUSA
_beng
042 _adc
100 1 _aStopes, Marie Carmichael,
_d1880-1958
245 1 2 _aA Journal from Japan :
_bA Daily Record of Life as Seen by a Scientist
_h[electronic resource] /
_cMarie Carmichael Stopes
260 _bProject Gutenberg,
_c2013
506 _aPublic domain in the USA.
516 _aElectronic text
830 0 _aProject Gutenberg
_v44475
856 4 0 _uhttp://www.gutenberg.org/ebooks/44475
942 _cEB
999 _c273726
_d273726